Najmniejsze Miasta w Polsce - Statystyki

Ogólne statystyki
  • Ten quiz został rozwiązany 29 razy
  • Średni wynik to 3 z 8
Statystyki odpowiedzi
Miasto % Poprawnych
Opatowiec
79%
Wiślica
57%
Wyśmierzyce
57%
Koszyce
32%
Nowy Korczyn
29%
Goraj
25%
Dubiecko
18%
Solec nad Wisłą
11%
Nie znaleziono quizów pasujących do podanych kryteriów
Rozkład punktacji
Procent ludzi z każdym wynikiem
Percentyl według liczby udzielonych odpowiedzi
Twoja historia wyników
Nie rozwiązałeś tego quizu